Teaching of African literature in schools / (Record no. 12109)
[ view plain ]
| 000 -LEADER | |
|---|---|
| fixed length control field | 00659cam a22002052 4500 |
| 001 - CONTROL NUMBER | |
| control field | 0000019780 |
| 005 - DATE AND TIME OF LATEST TRANSACTION | |
| control field | 20151217155227.0 |
| 008 - FIXED-LENGTH DATA ELEMENTS--GENERAL INFORMATION | |
| fixed length control field | 110208s xx 000 0 eng d |
| 040 ## - CATALOGING SOURCE | |
| Original cataloging agency | KABU |
| Transcribing agency | KABU |
| 245 10 - TITLE STATEMENT | |
| Title | Teaching of African literature in schools / |
| Statement of responsibility, etc. | Eddah Gachukia and S. Kichamu Akivaga (editors) |
| 250 ## - EDITION STATEMENT | |
| Edition statement | 1st ed. |
| 260 ## - PUBLICATION, DISTRIBUTION, ETC. (IMPRINT) | |
| Place of publication, distribution, etc. | Nairobi, Kenya : |
| Name of publisher, distributor, etc. | KLB, |
| Date of publication, distribution, etc. | 1978. |
| 300 ## - PHYSICAL DESCRIPTION | |
| Extent | v, 245 p. |
| 650 #0 - SUBJECT ADDED ENTRY--TOPICAL TERM | |
| Topical term or geographic name as entry element | African literature |
| General subdivision | History and criticism. |
| -- | 0000179733 |
| 700 1# - ADDED ENTRY--PERSONAL NAME | |
| Personal name | Gachukia, Eddah. |
| -- | 0000179734 |
| 700 1# - ADDED ENTRY--PERSONAL NAME | |
| Personal name | Akivaga, S. Kichamu. |
| -- | 0000179735 |
| 908 ## - PUT COMMAND PARAMETER (RLIN) | |
| Put command parameter | 110208 |
| 950 ## - LOCAL HOLDINGS (RLIN) | |
| -- | 1 |
| Withdrawn status | Lost status | Source of classification or shelving scheme | Not for loan | Home library | Current library | Date acquired | Total Checkouts | Full call number | Barcode | Date last seen | Date last checked out | Price effective from | Koha item type |
|---|---|---|---|---|---|---|---|---|---|---|---|---|---|
| Library of Congress Classification | Kabarak, Main Campus | Kabarak, Main Campus | 17/12/2015 | 2 | PL8010 .T43 1978 c. 3 | 018130 | 11/03/2019 | 05/03/2019 | 17/12/2015 | General Collection |